000 00433nam a2200181Ia 4500
001 17666
005 20260306171534.0
008 260306s9999||||xx |||||||||||||| ||und||
041 _aESP
082 _a658.15
_bB82 2007
100 _aBrealey, Richard A.
_eAUT
245 0 _aFundamentos de finanzas corporativas
260 _c2007
300 _a764 páginas :
_c
650 _aGEN
654 _aCAN
942 _cLIB
_dJUS
_fJUS
_2ddc
_n
999 _c17666
_d17666